Proceso de gestión de responsabilidad social empresaria contenido del borrador de la norma ISO 26000 (Registro nro. 27487)
[ vista simple ]
| 000 -LEADER | |
|---|---|
| fixed length control field | 00462 a2200121 4500 |
| 001 - CONTROL NUMBER | |
| control field | ART_15817 |
| 005 - DATE AND TIME OF LATEST TRANSACTION | |
| control field | 20260410161918.0 |
| 008 - FIXED-LENGTH DATA ELEMENTS--GENERAL INFORMATION | |
| fixed length control field | 260409a |
| 100 1# - MAIN ENTRY--PERSONAL NAME | |
| Personal name | García Fronti, Inés M. |
| 245 10 - TITLE STATEMENT | |
| Title | Proceso de gestión de responsabilidad social empresaria contenido del borrador de la norma ISO 26000 |
| 700 1# - ADDED ENTRY--PERSONAL NAME | |
| Personal name | D´Onofrio, Paula Alejandra |
| 773 0# - HOST ITEM ENTRY | |
| Title | Documentos de trabajo de contabilidad social |
| Related parts | - Año 3, Nº 2 (dic. 2010) |
| Record control number | REV14388 |
No hay ítems disponibles.